[Event "?"]
[Site "?"]
[Date "2018.08.17"]
[Round "4.17"]
[White "Jentzsch, Werner Wilfried"]
[Black "Maghrbi, Bassam"]
[Result "1/2-1/2"]
[WhiteElo "1367"]
[BlackElo "999"]
[PlyCount "275"]
[EventDate "2018.??.??"]
[WhiteTeam "SF Brackel 1930"]
[BlackTeam "FS 98 Dortmund"]

1. d4 d5 2. Nc3 h6 3. Bf4 a6 4. e4 Nf6 5. e5 Ne4 6. Bd3 Bf5 7. Nxe4 dxe4 8. Bc4
e6 9. h3 Bb4+ 10. c3 Ba5 11. Qa4+ b5 12. Qxa5 bxc4 13. Qa4+ Qd7 14. Qxc4 O-O
15. Ne2 Nc6 16. g4 Bh7 17. O-O Ne7 18. Ng3 Nd5 19. Bd2 Rfb8 20. b3 a5 21. Qe2
Qe7 22. Nxe4 Rf8 23. g5 Bxe4 24. gxh6 Bg6 25. hxg7 Kxg7 26. Qg4 f5 27. exf6+
Qxf6 28. Bg5 Qf5 29. Qxf5 Rxf5 30. Bd2 Nf4 31. Bxf4 Rxf4 32. Rae1 Re4 33. f3
Rxe1 34. Rxe1 Bf5 35. d5 Kf6 36. dxe6 Bxe6 37. Kg2 Rg8+ 38. Kh2 Rh8 39. Re4
Bxh3 40. Kg3 Bd7 41. Rc4 c6 42. Ra4 Rh5 43. b4 axb4 44. cxb4 Rb5 45. a3 Be6 46.
Ra8 Rg5+ 47. Kf4 Rf5+ 48. Ke3 Ke5 49. a4 Bd5 50. Re8+ Kd6 51. f4 Bb3 52. b5
cxb5 53. axb5 Rxb5 54. Re5 Bd5 55. Kd4 Rb4+ 56. Ke3 Be6 57. Ra5 Ke7 58. Rg5 Kf6
59. Ra5 Bf5 60. Ra6+ Be6 61. Ra5 Rc4 62. Rg5 Bf5 63. Rg8 Bg6 64. Rf8+ Kg7 65.
Ra8 Bf5 66. Ra6 Kf7 67. Ra7+ Kf6 68. Ra6+ Be6 69. Ra5 Rb4 70. Rc5 Ra4 71. Rg5
Bf5 72. Rg8 Bg6 73. Rf8+ Bf7 74. Rb8 Be6 75. Rb5 Kg6 76. Rb6 Kf5 77. Rb5+ Kf6
78. Rb6 Ke7 79. Rb5 Kf6 80. Rb6 Rc4 81. Rb5 Rc3+ 82. Kf2 Bd7 83. Ra5 Bg4 84.
Ra8 Kf5 85. Rf8+ Ke4 86. Ke1 Rc2 87. Re8+ Kxf4 88. Rf8+ Kg3 89. Rg8 Re2+ 90.
Kf1 Re3 91. Rg7 Rb3 92. Re7 Rf3+ 93. Ke1 Rd3 94. Kf1 Rd2 95. Re3+ Bf3 96. Re8
Kf4 97. Rf8+ Ke3 98. Re8+ Be4 99. Ke1 Rh2 100. Rf8 Rh1+ 101. Rf1 Rh2 102. Rf8
Re2+ 103. Kd1 Rb2 104. Rc8 Rd2+ 105. Kc1 Ra2 106. Kd1 Rg2 107. Kc1 Ra2 108. Kd1
Bf3+ 109. Kc1 Be4 110. Kd1 Ra1+ 111. Rc1 Ra3 112. Rc8 Rd3+ 113. Kc1 Rb3 114.
Kd1 Rb2 115. Rc7 Bd3 116. Re7+ Kd4 117. Rd7+ Kc3 118. Rc7+ Bc4 119. Ke1 Re2+
120. Kd1 Rg2 121. Re7 Bb3+ 122. Ke1 Kd3 123. Rd7+ Ke3 124. Re7+ Kf3 125. Re8
Bc2 126. Rf8+ Ke3 127. Re8+ Be4 128. Rf8 Re2+ 129. Kd1 Bc2+ 130. Kc1 Be4 131.
Kd1 Rb2 132. Rc8 Rd2+ 133. Kc1 Ra2 134. Kd1 Bf3+ 135. Kc1 Be4 136. Kd1 Kf2 137.
Rf8+ Bf3+ 138. Kc1 {und weiss beantragt Remis auf Grund der 50-Zuege-Regel}
1/2-1/2

[Event "?"]
[Site "?"]
[Date "2018.08.17"]
[Round "4.18"]
[White "Alo, Ala Eddin"]
[Black "Bensch, Christian"]
[Result "0-1"]
[WhiteElo "999"]
[BlackElo "1317"]
[PlyCount "44"]
[EventDate "2018.??.??"]
[WhiteTeam "FS 98 Dortmund"]
[BlackTeam "SC Wambel 77"]

1. e4 e5 2. Nf3 Nc6 3. Bb5 Nf6 4. Bxc6 dxc6 5. Nxe5 Qd4 6. Nf3 Qxe4+ 7. Qe2 Bc5
8. Nc3 Qxe2+ 9. Nxe2 Bg4 10. d4 Be7 11. Bg5 h6 12. Bf4 O-O-O 13. Be3 Nd5 14.
Ne5 Nxe3 15. fxe3 Be6 16. Nf4 Rhf8 17. Nxe6 fxe6 18. O-O-O Rf2 19. Ng6 Bg5 20.
Rde1 Rxg2 21. h4 Bxe3+ 22. Kd1 Rxd4# 0-1

[Event "?"]
[Site "?"]
[Date "2018.08.17"]
[Round "4.19"]
[White "Stepke, Horst"]
[Black "Schacht, Jürgen"]
[Result "1-0"]
[WhiteElo "1555"]
[BlackElo "1538"]
[PlyCount "51"]
[EventDate "2018.??.??"]
[WhiteTeam "Huckarde-Westerfilde"]
[BlackTeam "SV Rochade Eving"]

1. d4 f5 2. c4 Nf6 3. Nc3 e6 4. Bf4 Be7 5. Nf3 b6 6. e3 Bb7 7. Bd3 O-O 8. O-O
d6 9. Rc1 Nh5 10. Re1 a6 11. h3 Nd7 12. Bf1 Rf6 13. Ng5 Qe8 14. Be2 Rh6 15.
Nxe6 Qg6 16. Bf3 Bxf3 17. Qxf3 Rc8 18. Bxh6 gxh6 19. Nf4 Nxf4 20. Qxf4 Kh8 21.
Nd5 Rg8 22. Qf3 Bd8 23. Nf4 Qf7 24. Qd5 Qe7 25. Qxf5 Rg5 26. Qe6 1-0

[Event "?"]
[Site "?"]
[Date "2018.08.17"]
[Round "4.20"]
[White "Pennekamp, Christoph"]
[Black "Haufe, Ulrich"]
[Result "0-1"]
[WhiteElo "1591"]
[BlackElo "1211"]
[PlyCount "108"]
[EventDate "2018.??.??"]
[WhiteTeam "SC Hansa Dortmund"]
[BlackTeam "Huckarde-Westerfilde"]

1. d4 d5 2. Bf4 Nf6 3. e3 e6 4. Nf3 Nh5 5. Bg3 Nxg3 6. hxg3 c5 7. c3 a6 8. Qc2
c4 9. Nbd2 b5 10. Be2 Nc6 11. a3 h6 12. g4 Be7 13. g5 Bxg5 14. Nxg5 Qxg5 15.
Bf3 Bb7 16. Nf1 e5 17. Bxd5 Nxd4 18. Qe4 Bxd5 19. Qxd5 Nc2+ 20. Ke2 Rd8 21.
Qc6+ Rd7 22. Rd1 Qg4+ 23. Qf3 Qxf3+ 24. gxf3 Rxd1 25. Kxd1 Na1 26. Ng3 O-O 27.
Ke2 Nb3 28. Rd1 g6 29. Rd6 Nc1+ 30. Kf1 Ra8 31. Rd5 Nd3 32. b4 Ra7 33. Ne4 Kg7
34. Nc5 h5 35. Nxd3 cxd3 36. Rxd3 Rc7 37. e4 Rc6 38. f4 exf4 39. Ke2 g5 40. Kd2
g4 41. Rd5 Kg6 42. e5 h4 43. Rd6+ Rxd6+ 44. exd6 h3 45. d7 h2 46. d8=Q h1=Q 47.
Qd6+ f6 48. Qd3+ Kg5 49. a4 bxa4 50. c4 Qc6 51. Qd4 a3 52. Qc3 a2 53. Kc2 Qe4+
54. Kb2 Qb1+ 0-1

[Event "?"]
[Site "?"]
[Date "2018.08.17"]
[Round "4.21"]
[White "Sohraby, Darjusch"]
[Black "Böckmann, Lieselotte"]
[Result "0-1"]
[WhiteElo "1534"]
[BlackElo "1014"]
[PlyCount "151"]
[EventDate "2018.??.??"]
[WhiteTeam "Huckarde-Westerfilde"]
[BlackTeam "FS 98 Dortmund"]

1. d4 Nf6 2. Nf3 e6 3. c4 Be7 4. Nc3 c6 5. Bf4 Na6 6. e4 c5 7. d5 d6 8. Bd3 Nh5
9. Be3 g6 10. O-O e5 11. Qc2 Bd7 12. a3 Nc7 13. b4 O-O 14. bxc5 Ne8 15. cxd6
Bxd6 16. c5 Bc7 17. d6 Ba5 18. Nxe5 Be6 19. f4 f6 20. Nc4 f5 21. Nxa5 Qxa5 22.
exf5 Bxf5 23. Bxf5 Rxf5 24. g4 Rxc5 25. Bxc5 Qxc5+ 26. Kh1 Qc6+ 27. Qg2 Qxg2+
28. Kxg2 Nhf6 29. h3 Nxd6 30. Rad1 Nc4 31. Rd3 Re8 32. Kf3 Nxa3 33. Ra1 Nc2 34.
Rad1 Ne1+ 35. Rxe1 Rxe1 36. Re3 Rc1 37. Nb5 a5 38. Re7 Rf1+ 39. Kg2 Rxf4 40.
Rxb7 Ne4 41. Re7 Rf2+ 42. Kg1 Re2 43. Nd6 Re1+ 44. Kg2 Re2+ 45. Kf3 Re1 46.
Nxe4 Rf1+ 47. Ke2 Rf7 48. Rxf7 Kxf7 49. Ke3 Ke6 50. Kf4 Kd5 51. Nc3+ Kc4 52.
Na4 Kb4 53. Nb6 Kb5 54. Nd5 Kc5 55. Ke4 Kc4 56. h4 h6 57. g5 hxg5 58. hxg5 Kc5
59. Nc3 Kc4 60. Nb1 a4 61. Ke3 Kb3 62. Kd3 Kb2 63. Nc3 Kb3 64. Nxa4 Kxa4 65.
Ke4 Kb5 66. Ke5 Kc6 67. Kf6 Kd7 68. Kxg6 Ke7 69. Kh7 Kf7 70. g6+ Kf6 71. g7 Kg5
72. g8=Q+ Kh5 73. Qg1 Kh4 74. Kg6 Kh3 75. Kf5 Kh4 76. Qg4# 0-1

[Event "?"]
[Site "?"]
[Date "2018.08.19"]
[Round "5.1"]
[White "Kartsev, Nikolay"]
[Black "Stemmler, Fabian"]
[Result "0-1"]
[WhiteElo "2048"]
[BlackElo "1963"]
[PlyCount "120"]
[EventDate "2018.??.??"]
[WhiteTeam "SF Brackel 1930"]
[BlackTeam "SF Brackel 1930"]

1. e4 e5 2. Nf3 Nc6 3. d4 exd4 4. Nxd4 Nf6 5. Nxc6 bxc6 6. e5 Qe7 7. Qe2 Nd5 8.
c4 Nb6 9. Nc3 Qe6 10. Qe4 Bb4 11. Bd2 Bxc3 12. Bxc3 d5 13. Qh4 dxc4 14. O-O-O
O-O 15. g3 Qg4 16. Bg2 Qxh4 17. gxh4 Nd5 18. Rxd5 cxd5 19. Bxd5 Rb8 20. Rg1 Be6
21. Be4 Rfd8 22. f4 g6 23. f5 Bd5 24. Bc2 Kf8 25. e6 gxf5 26. exf7 Bxf7 27.
Bxf5 Bg6 28. Bxg6 hxg6 29. Rxg6 Rb6 30. Rg4 Rc6 31. Bd4 Rd5 32. Bxa7 Ra6 33.
Be3 c3 34. a3 cxb2+ 35. Kxb2 Rb5+ 36. Rb4 Rxb4+ 37. axb4 Re6 38. Bg5 Re2+ 39.
Kc3 Rxh2 40. Kd4 Ke8 41. Kc5 Kd7 42. Kb5 Rc2 43. Ka4 Kc6 44. Kb3 Rg2 45. Kc3
Kd5 46. Kb3 Rg3+ 47. Kc2 Kc4 48. Be7 Rg2+ 49. Kd1 Kd3 50. Kc1 c6 51. Bc5 $11
Rh2 52. Be7 Re2 53. Bc5 Re4 54. Kb2 Kc4 55. Kc2 Rxh4 56. Kb2 Rh3 57. Kc2 Rc3+
58. Kb2 Rb3+ 59. Kc2 Rxb4 60. Bxb4 Kxb4 0-1

[Event "?"]
[Site "?"]
[Date "2018.08.19"]
[Round "5.2"]
[White "Korten, Lando"]
[Black "Wichtrup, Jan-Louis"]
[Result "1-0"]
[WhiteElo "2091"]
[BlackElo "2170"]
[PlyCount "69"]
[EventDate "2018.??.??"]
[WhiteTeam "SF Brackel 1930"]
[BlackTeam "Dortmunder SV 1875"]

1. d4 d5 2. c4 e6 3. Nc3 Nf6 4. cxd5 exd5 5. Bg5 c6 6. e3 Be7 7. Qc2 O-O 8. Bd3
Nbd7 9. Nf3 Re8 10. O-O Nf8 11. h3 g6 12. Bxf6 Bxf6 13. b4 a6 14. a4 Be7 15.
Rfb1 Ne6 16. b5 axb5 17. axb5 Rxa1 18. Rxa1 c5 19. dxc5 Nxc5 20. Rd1 Bf6 21.
Bc4 Bf5 22. Qc1 Bxc3 23. Qxc3 Ne4 24. Qd4 Qc7 25. Bxd5 Nc3 26. b6 Qc8 27. Rd2
Nxd5 28. Qxd5 Re6 29. Ng5 Rf6 30. e4 Be6 31. Qd8+ Qxd8 32. Rxd8+ Kg7 33. Rb8
Bd7 34. Rxb7 Bc6 35. Rc7 1-0

[Event "?"]
[Site "?"]
[Date "2018.08.19"]
[Round "5.3"]
[White "Luft, Dennis"]
[Black "Bork, Sophie"]
[Result "1-0"]
[WhiteElo "2322"]
[BlackElo "1916"]
[PlyCount "79"]
[EventDate "2018.??.??"]
[WhiteTeam "SF Brackel 1930"]
[BlackTeam "SG Mengede 1922"]

1. e4 e5 2. Nf3 Nc6 3. Bc4 Bc5 4. d3 Nf6 5. Nc3 a6 6. Nd5 h6 7. c3 d6 8. b4 Ba7
9. a4 Nxd5 10. Bxd5 Ne7 11. Ba2 Ng6 12. Be3 Qf6 13. Qd2 Bg4 14. Ng1 Be6 15.
Bxa7 Rxa7 16. Qe3 Ra8 17. Ne2 O-O 18. O-O Bxa2 19. Rxa2 Nf4 20. Rc2 Rfe8 21.
Nxf4 exf4 22. Qf3 Re7 23. c4 c6 24. h3 Rae8 25. g3 fxg3 26. Qxf6 gxf6 27. fxg3
Kg7 28. Rf5 Re5 29. Rcf2 Rxf5 30. Rxf5 Re5 31. g4 Kg6 32. Kf2 Rxf5+ 33. gxf5+
Kg7 34. c5 dxc5 35. bxc5 Kf8 36. Kg3 a5 37. Kh4 Kg7 38. Kh5 Kh7 39. d4 Kg7 40.
h4 1-0

[Event "?"]
[Site "?"]
[Date "2018.08.19"]
[Round "5.4"]
[White "Garbuz, Vitaliy"]
[Black "Schläger, Reiner"]
[Result "1-0"]
[WhiteElo "2182"]
[BlackElo "1679"]
[PlyCount "63"]
[EventDate "2018.??.??"]
[WhiteTeam "SF Brackel 1930"]
[BlackTeam "FS 98 Dortmund"]

1. e4 e5 2. Nc3 Bc5 3. Nf3 Nc6 4. Nxe5 Qf6 5. Nd3 Bd4 6. Nd5 Qd6 7. c3 Be5 8.
f4 Bf6 9. Qf3 Nce7 10. Ne3 Ng6 11. e5 Nxe5 12. fxe5 Bxe5 13. Nc4 Qe7 14. Ndxe5
d6 15. Qxf7+ Qxf7 16. Nxf7 Kxf7 17. Be2 Nf6 18. O-O Re8 19. Bh5+ g6 20. Bf3 Bf5
21. Bxb7 Rab8 22. Bc6 Re7 23. Ne3 Bd3 24. Rxf6+ Kxf6 25. Nd5+ Kf7 26. Nxe7 Kxe7
27. b3 Rf8 28. Bb2 Rf5 29. c4 Kf7 30. Re1 g5 31. Be8+ Kf8 32. Bh5 1-0

[Event "?"]
[Site "?"]
[Date "2018.08.19"]
[Round "5.5"]
[White "Zelt, Jens"]
[Black "Boxberg, Marc"]
[Result "1-0"]
[WhiteElo "2102"]
[BlackElo "1642"]
[PlyCount "75"]
[EventDate "2018.??.??"]
[WhiteTeam "Hansa Dortmund"]
[BlackTeam "Marten-Bövinghausen"]

1. d4 Nf6 2. Nf3 g6 3. c3 Bg7 4. Bf4 d6 5. h3 O-O 6. e3 c5 7. Be2 cxd4 8. exd4
Be6 9. O-O Qb6 10. Qc1 Nc6 11. Na3 Rac8 12. Re1 Bd5 13. Nc2 Be4 14. Bd1 Rfe8
$11 15. Nd2 Bf5 16. Nc4 Qc7 17. N4e3 Bd3 18. Qd2 Ba6 19. Ng4 Nd5 20. Nh6+ Kf8
21. Bh2 Nf6 22. Ng4 Nxg4 23. hxg4 e5 24. dxe5 dxe5 25. Bf3 Rcd8 26. Qe3 b6 27.
Be4 Bb7 28. Na3 a6 29. Bg3 Na5 30. Bxb7 Nxb7 31. Rad1 Qc5 32. Rxd8 Rxd8 33. Qf3
Qe7 34. Qe2 b5 35. Nc2 Nc5 36. Nb4 Rd6 37. Qe3 Nb7 38. Qe4 {
und schwarz ueberschreitet die Zeit} 1-0

[Event "?"]
[Site "?"]
[Date "2018.08.19"]
[Round "5.6"]
[White "Sprungala, Erik"]
[Black "Kartsev, Soel"]
[Result "0-1"]
[WhiteElo "1776"]
[BlackElo "2198"]
[PlyCount "66"]
[EventDate "2018.??.??"]
[WhiteTeam "SV Rochade Eving"]
[BlackTeam "SF Brackel 1930"]

1. d4 f5 2. Nf3 Nf6 3. c4 g6 4. Nc3 Bg7 5. g3 O-O 6. Bg2 d6 7. O-O c6 8. Re1
Ne4 9. Ng5 Nxc3 10. bxc3 h6 11. Nh3 e5 12. f4 Be6 13. d5 Bf7 14. Qc2 e4 15. Rd1
Nd7 16. Be3 Qc7 17. Bd4 Nf6 18. Rac1 cxd5 19. Bxf6 Bxf6 20. cxd5 Qc5+ 21. Nf2
Bxd5 22. Qd2 Bf7 23. Qxd6 Qxd6 24. Rxd6 Bxa2 25. Nxe4 fxe4 26. Bxe4 Rad8 27.
Rxd8 Rxd8 28. Bxb7 a5 29. Kf2 a4 30. Kf3 Bb3 31. e4 Rd3+ 32. Ke2 Bc4 33. Bd5+
Rxd5+ 0-1

[Event "?"]
[Site "?"]
[Date "2018.08.19"]
[Round "5.7"]
[White "Begna, Bozidar"]
[Black "Grube, Jörg"]
[Result "1-0"]
[WhiteElo "2042"]
[BlackElo "1815"]
[PlyCount "99"]
[EventDate "2018.??.??"]
[WhiteTeam "SC Hansa Dortmund"]
[BlackTeam "FS 98 Dortmund"]

1. c4 Nf6 2. Nc3 e6 3. e4 d5 4. e5 d4 5. exf6 dxc3 6. fxg7 cxd2+ 7. Qxd2 Qxd2+
8. Bxd2 Bxg7 9. Rb1 b6 10. Ne2 Bb7 11. Bc3 Bxc3+ 12. Nxc3 Nc6 13. Rd1 Rg8 14.
f3 Ke7 15. Kf2 Rad8 16. Be2 Nd4 17. Rhe1 c5 18. Bf1 Rc8 19. Re5 Nf5 20. Nd5+
Bxd5 21. cxd5 Kf6 22. Rde1 exd5 23. Rxd5 Rcd8 24. Red1 Nd4 25. Bc4 b5 26. Rxd8
Rxd8 27. Bd3 h6 28. b3 Rd6 29. Be4 Ra6 30. Rd2 b4 31. Bd3 Ra3 32. Bc4 a5 33.
Rb2 a4 34. Ke3 axb3 35. axb3 Ra1 36. Kf4 Rc1 37. Ke4 Ne6 38. Kd5 Nf4+ 39. Kc6
Ne6 40. Ra2 Rc3 41. Rb2 Rc1 42. Kb6 Ke5 43. g3 Kd4 44. Rd2+ Ke3 45. Rd3+ Kf2
46. f4 Rc3 47. Rd2+ Ke1 48. Rb2 Kd1 49. f5 Nd4 50. Kxc5 {
und schwarz ueberschreitet die Zeit} 1-0

[Event "?"]
[Site "?"]
[Date "2018.08.19"]
[Round "5.8"]
[White "Sonntag, Hans-Joachim"]
[Black "Alghawi, Abdullah"]
[Result "1-0"]
[WhiteElo "1662"]
[BlackElo "1916"]
[PlyCount "57"]
[EventDate "2018.??.??"]
[WhiteTeam "FS 98 Dortmund"]
[BlackTeam "FS 98 Dortmund"]

1. e4 d6 2. d4 Nf6 3. Nc3 g6 4. Be3 Bg7 5. Be2 O-O 6. Qd2 e5 7. O-O-O exd4 8.
Bxd4 Nc6 9. Be3 Ne5 10. h3 Be6 11. Bh6 a6 12. Bxg7 Kxg7 13. g4 b5 14. g5 Nfd7
15. f4 Nc4 16. Qd4+ f6 17. Bxc4 Bxc4 18. Nf3 Nb6 19. b3 Bg8 20. h4 Nd7 21. h5
Nc5 22. f5 Qd7 23. hxg6 hxg6 24. Rdg1 Qd8 25. gxf6+ Rxf6 26. Rxg6+ Kf7 27. Ng5+
Ke8 28. Rxg8+ Rf8 29. Rxf8+ 1-0

[Event "?"]
[Site "?"]
[Date "2018.08.19"]
[Round "5.9"]
[White "Khess, Igor"]
[Black "Stockhausen, Arnd"]
[Result "1-0"]
[WhiteElo "1988"]
[BlackElo "1577"]
[PlyCount "71"]
[EventDate "2018.??.??"]
[WhiteTeam "FS 98 Dortmund"]
[BlackTeam "SG Mengede 1922"]

1. e4 e5 2. Nf3 Nc6 3. Bb5 a6 4. Ba4 Nf6 5. Bxc6 dxc6 6. d3 Bg4 7. h3 Bxf3 8.
Qxf3 Qd7 9. Bg5 Be7 10. Nd2 Qe6 11. Nc4 Nd7 12. Bxe7 Qxe7 13. O-O-O O-O-O 14.
d4 Kb8 15. dxe5 Nxe5 16. Nxe5 Qxe5 17. Qe3 Rxd1+ 18. Rxd1 Re8 19. g3 Qe6 20.
Qf4 Qxa2 21. Rd7 Qa1+ 22. Kd2 Qa5+ 23. c3 f6 24. Rxg7 Rd8+ 25. Ke2 Qb6 26. Kf3
Rd6 27. Qe3 c5 28. Rxh7 a5 29. h4 a4 30. h5 Qb5 31. Rh8+ Ka7 32. Kg2 b6 33. Qc1
Qb3 34. h6 f5 35. h7 fxe4 36. Rf8 1-0

[Event "?"]
[Site "?"]
[Date "2018.08.19"]
[Round "5.10"]
[White "Lauche, Christoph"]
[Black "Ropel, Dennis"]
[Result "1/2-1/2"]
[WhiteElo "1874"]
[BlackElo "1520"]
[PlyCount "64"]
[EventDate "2018.??.??"]
[WhiteTeam "FS 98 Dortmund"]
[BlackTeam "SG Mengede 1922"]

1. e4 d6 2. d4 Nf6 3. Nc3 g6 4. Bg5 Bg7 5. e5 dxe5 6. dxe5 Qxd1+ 7. Rxd1 Nfd7
8. Nd5 Bxe5 9. Nf3 Bd6 10. Bxe7 Bxe7 11. Nxc7+ Kf8 12. Nxa8 Bd8 13. Bc4 Kg7 14.
O-O Nc6 15. Rfe1 h6 16. c3 Nf6 17. Ne5 Nxe5 18. Rxe5 b6 19. Nc7 Bxc7 20. Re7
Bxh2+ 21. Kxh2 Rf8 22. Rxa7 h5 23. f3 g5 24. Rd6 g4 25. Rxb6 h4 26. Rb8 g3+ 27.
Kg1 Rd8 28. Bb3 Re8 29. Kf1 h3 30. Rxf7+ Kg6 31. Rb6 Re1+ 32. Kxe1 hxg2 1/2-1/2

[Event "?"]
[Site "?"]
[Date "2018.08.19"]
[Round "5.11"]
[White "Bensch, Christian"]
[Black "Kantor, Nikita"]
[Result "0-1"]
[WhiteElo "1317"]
[BlackElo "1906"]
[PlyCount "46"]
[EventDate "2018.??.??"]
[WhiteTeam "SC Wambel 77"]
[BlackTeam "SF Brackel 1930"]

1. c4 Nf6 2. Nc3 e5 3. g3 Bb4 4. Bg2 O-O 5. e4 d6 6. d3 a5 7. Bg5 h6 8. Be3 Ng4
9. Bd2 Bc5 10. Be3 Bxe3 11. fxe3 Nxe3 12. Qe2 Nxg2+ 13. Qxg2 Qg5 14. Nf3 Qe3+
15. Qe2 Qxe2+ 16. Kxe2 c6 17. h3 f5 18. Rad1 Na6 19. exf5 Bxf5 20. g4 Bxd3+ 21.
Kxd3 Rxf3+ 22. Kc2 Nb4+ 23. Kb3 c5 0-1

[Event "?"]
[Site "?"]
[Date "2018.08.19"]
[Round "5.12"]
[White "Cogan, Leonid"]
[Black "Zabel, Reinhard"]
[Result "1-0"]
[WhiteElo "1848"]
[BlackElo "1408"]
[PlyCount "45"]
[EventDate "2018.??.??"]
[WhiteTeam "Huckarde-Westerfilde"]
[BlackTeam "DB Brambauer"]

1. e4 e5 2. Nf3 Nf6 3. Nxe5 d6 4. Nf3 Nxe4 5. d4 d5 6. Bd3 Bf5 7. O-O Be7 8.
Re1 O-O 9. Nbd2 Nxd2 10. Bxf5 Nxf3+ 11. Qxf3 Re8 12. Bf4 Bf6 13. c3 Nc6 14. Qg3
Ne7 15. Bh3 Ng6 16. Bxc7 Rxe1+ 17. Rxe1 Qf8 18. Qe3 h6 19. Bd7 Qe7 20. Qxe7
Bxe7 21. g3 Rf8 22. Bf5 Bf6 23. Bd7 1-0

[Event "?"]
[Site "?"]
[Date "2018.08.19"]
[Round "5.13"]
[White "Surmann, Christoph"]
[Black "Vollenberg, Jörg"]
[Result "1-0"]
[WhiteElo "1659"]
[BlackElo "1400"]
[PlyCount "81"]
[EventDate "2018.??.??"]
[WhiteTeam "Dortmunder SV 1875"]
[BlackTeam "Rochade Eving"]

1. d4 d5 2. c4 e6 3. Nc3 Nf6 4. cxd5 exd5 5. Bg5 c6 6. Qc2 Be7 7. e3 Nh5 8.
Bxe7 Qxe7 9. Bd3 g6 10. Nge2 Ng7 11. Nxd5 Qd8 12. Ndc3 Na6 13. Bxa6 bxa6 14.
Qe4+ Ne6 15. Qxc6+ Bd7 16. Qxa6 O-O 17. O-O Qg5 18. Ng3 Bc8 19. Qe2 a5 20. Qd2
Rd8 21. Rfd1 Bb7 22. Nce4 Qe7 23. f3 f5 24. Nc3 h5 25. Qf2 h4 26. Nge2 Ng5 27.
Nf4 Qh7 28. d5 Nf7 29. Ne6 g5 30. Nxd8 Rxd8 31. Rd4 Ne5 32. Rad1 Qh5 33. h3 Rf8
34. f4 Ng6 35. d6 g4 36. d7 Rd8 37. e4 gxh3 38. gxh3 fxe4 39. Qe2 Qf5 40. Qg4
Qf7 41. f5 1-0

[Event "?"]
[Site "?"]
[Date "2018.08.19"]
[Round "5.14"]
[White "Haneberg, Alexander"]
[Black "Bommert, Christian"]
[Result "0-1"]
[WhiteElo "1507"]
[BlackElo "1724"]
[PlyCount "58"]
[EventDate "2018.??.??"]
[WhiteTeam "Dortmunder SV 1875"]
[BlackTeam "FS 98 Dortmund"]

1. d4 f5 2. Nf3 Nf6 3. c4 g6 4. Nc3 Bg7 5. g3 d6 6. Qb3 O-O 7. Bg2 c6 8. e3 Na6
9. Bd2 h6 10. Qd1 Qe8 11. O-O e5 12. dxe5 dxe5 13. Re1 Nc5 14. Qc2 e4 15. Nd4
Nd3 16. Red1 Ng4 17. Be1 g5 18. Nb3 Be6 19. Rab1 Qf7 20. Na5 Rad8 21. Ne2 c5
22. h3 Nxe1 23. Rxe1 Ne5 24. Nb3 b6 25. Nd2 Nxc4 26. Nb3 Ne5 27. Nbc1 Nf3+ 28.
Bxf3 exf3 29. Nc3 Qh5 0-1

[Event "?"]
[Site "?"]
[Date "2018.08.19"]
[Round "5.16"]
[White "Jentzsch, Werner Wilfried"]
[Black "Sohraby, Darjusch"]
[Result "1/2-1/2"]
[WhiteElo "1367"]
[BlackElo "1534"]
[PlyCount "164"]
[EventDate "2018.??.??"]
[WhiteTeam "SF Brackel 1930"]
[BlackTeam "Huckarde-Westerfilde"]

1. d4 d5 2. Nc3 Nf6 3. Bf4 c6 4. e3 Bf5 5. Bd3 Bxd3 6. Qxd3 e6 7. Nf3 Bd6 8.
Bxd6 Qxd6 9. Ne5 Nbd7 10. Nxd7 Qxd7 11. h3 Rc8 12. O-O O-O 13. b4 Qc7 14. Ne2
Rfe8 15. Rac1 e5 16. c3 b6 17. Qf5 exd4 18. cxd4 Qe7 19. a3 Rc7 20. Nc3 Rec8
21. Rc2 c5 22. Nxd5 Nxd5 23. Qxd5 cxb4 24. Rxc7 Qxc7 25. axb4 Qc3 26. Rb1 h6
27. Qb3 Qd2 28. Rd1 Qe2 29. Qd3 Qa2 30. Qb1 Qa4 31. d5 Qd7 32. e4 a5 33. bxa5
bxa5 34. e5 Rc5 35. e6 fxe6 36. dxe6 Qxe6 37. Rd8+ Kf7 38. Qb7+ Kg6 39. Qb1+
Qf5 40. Rd6+ Kh7 41. Qxf5+ Rxf5 42. Ra6 h5 43. g4 hxg4 44. hxg4 Rb5 45. f4 Rb1+
46. Kf2 Ra1 47. Ke3 a4 48. Kd2 a3 49. Kc2 a2 50. Kb2 Rf1 51. Ra4 a1=Q+ 52. Rxa1
Rxf4 53. Rg1 Kg6 54. Kc2 Kg5 55. Kd2 Rxg4 56. Rf1 Re4 57. Kd3 Re7 58. Rg1+ Kf6
59. Rf1+ Kg6 60. Rg1+ Kh7 61. Rh1+ Kg8 62. Rg1 Re6 63. Rg2 g6 64. Rg5 Kg7 65.
Rg1 Rf6 66. Ke4 Rf5 67. Rg4 Kf6 68. Rf4 Kg5 69. Rxf5+ gxf5+ 70. Kf3 f4 71. Kg2
Kg4 72. Kf2 f3 73. Kf1 Kg3 74. Kg1 Kf4 75. Kf2 Ke4 76. Kf1 Ke3 77. Ke1 Ke4 78.
Kf1 Kf5 79. Ke1 Kg4 80. Kf1 Kg3 81. Kg1 f2+ 82. Kf1 Kf3 1/2-1/2

[Event "?"]
[Site "?"]
[Date "2018.08.19"]
[Round "5.18"]
[White "Haufe, Ulrich"]
[Black "Stepke, Horst"]
[Result "1-0"]
[WhiteElo "1211"]
[BlackElo "1555"]
[PlyCount "89"]
[EventDate "2018.??.??"]
[WhiteTeam "Huckarde-Westerfilde"]
[BlackTeam "Huckarde-Westerfilde"]

1. Nf3 g6 2. c4 Bg7 3. Nc3 Nf6 4. b3 O-O 5. Bb2 c5 6. d4 cxd4 7. Qxd4 Nc6 8.
Qd2 d6 9. g3 a6 10. Bg2 Rb8 11. Nd4 Nxd4 12. Qxd4 Bd7 13. Ne4 Bc6 14. Rb1 Qa5+
15. Bc3 Qxa2 16. O-O Ne8 17. Qe3 Bxe4 18. Bxe4 Nf6 19. Bf3 Rfc8 20. Qxe7 Re8
21. Qxd6 Ne4 22. Bxe4 Bxc3 23. Bf3 Bg7 24. Qc7 b5 25. e3 bxc4 26. Qxc4 Rec8 27.
Qa4 Qc2 28. Qxa6 Rf8 29. Qc4 Qf5 30. Qe4 Qa5 31. Be2 Rb4 32. Bc4 Qb6 33. Rfd1
Qa7 34. Rd3 Rb7 35. Rbd1 Re7 36. Qc6 Rc7 37. Rd7 Rxd7 38. Rxd7 Qa1+ 39. Kg2 Qe5
40. b4 Qf6 41. b5 Rb8 42. Qxf6 Bxf6 43. Bxf7+ Kf8 44. Bc4 h5 45. Rf7+ 1-0

[Event "?"]
[Site "?"]
[Date "2018.08.19"]
[Round "5.19"]
[White "Frölich, Andreas"]
[Black "Al Kassas, Humam"]
[Result "0-1"]
[WhiteElo "1043"]
[BlackElo "1251"]
[PlyCount "48"]
[EventDate "2018.??.??"]
[WhiteTeam "Rochade Eving"]
[BlackTeam "FS 98 Dortmund"]

1. e4 e5 2. Nf3 Nf6 3. Nc3 Nc6 4. h3 d5 5. exd5 Nxd5 6. Nxd5 Qxd5 7. b3 Bd7 8.
Bc4 Qe4+ 9. Be2 Nb4 10. d3 Qc6 11. c4 f6 12. O-O O-O-O 13. Be3 Bf5 14. d4 Qe4
15. d5 Nc2 16. Bd3 Qxd3 17. Qxd3 Bxd3 18. Ne1 Nxe3 19. Nxd3 Nxf1 20. Kxf1 c6
21. Ke2 cxd5 22. cxd5 Rxd5 23. Rc1+ Kd7 24. Nc5+ Bxc5 0-1

[Event "?"]
[Site "?"]
[Date "2018.08.19"]
[Round "5.20"]
[White "Schacht, Jürgen"]
[Black "Sahakyan, Tigran"]
[Result "1/2-1/2"]
[WhiteElo "1538"]
[BlackElo "1035"]
[PlyCount "58"]
[EventDate "2018.??.??"]
[WhiteTeam "Rochade Eving"]
[BlackTeam "SF Brackel 1930"]

1. Nf3 d5 2. g3 Nf6 3. Bg2 Bf5 4. d4 e6 5. Nbd2 g6 6. c4 c5 7. e3 Bg7 8. Qb3 b6
9. dxc5 bxc5 10. Nh4 O-O 11. Nxf5 exf5 12. cxd5 Nbd7 13. e4 fxe4 14. O-O Re8
15. Re1 Rb8 16. Qc2 Nxd5 17. Rxe4 Rxe4 18. Nxe4 Qb6 19. Rb1 Re8 20. Bd2 a5 21.
Qa4 Qa7 22. Nxc5 Qxc5 23. Qxd7 Nf6 24. Qd3 Ng4 25. Qf1 Bd4 26. Bf3 Bxf2+ 27.
Kg2 Ne3+ 28. Bxe3 Bxe3 29. Qd3 Qd4 1/2-1/2

[Event "?"]
[Site "?"]
[Date "2018.08.19"]
[Round "5.21"]
[White "Böckmann, Lieselotte"]
[Black "Pennekamp, Christoph"]
[Result "0-1"]
[WhiteElo "1014"]
[BlackElo "1591"]
[PlyCount "73"]
[EventDate "2018.??.??"]
[WhiteTeam "FS 98 Dortmund"]
[BlackTeam "Hansa Dortmund"]

1. c4 e5 2. Nc3 Nf6 3. e3 Bb4 4. a3 Bxc3 5. dxc3 d6 6. b4 O-O 7. Be2 Be6 8. Nf3
Nbd7 9. O-O Nb6 10. Nd2 Qe7 11. Bb2 c5 12. f3 Bf5 13. e4 Be6 14. a4 Nh5 15. f4
Nxf4 16. Rf3 Nxe2+ 17. Qxe2 Bg4 18. Qf2 Bxf3 19. Nxf3 Nxc4 20. Bc1 Nb6 21. Qg3
f5 22. Qh4 Qe6 23. Qg3 Qg6 24. Qe1 fxe4 25. Nh4 Qf6 26. Bf4 Qxf4 27. Qe2 Qxh4
28. g3 Qe7 29. a5 Nd7 30. Qc4+ Kh8 31. Qxe4 Nf6 32. Qh4 cxb4 33. cxb4 Rac8 34.
b5 Qe6 35. Kg2 Rc2+ 36. Kh1 Rfc8 37. Qg5 0-1

[Event "?"]
[Site "?"]
[Date "2018.08.22"]
[Round "6.1"]
[White "Stemmler, Fabian"]
[Black "Zelt, Jens"]
[Result "1/2-1/2"]
[WhiteElo "1963"]
[BlackElo "2102"]
[PlyCount "70"]
[EventDate "2018.??.??"]
[WhiteTeam "SF Brackel 1930"]
[BlackTeam "Hansa Dortmund"]

1. d4 d5 2. Bf4 e6 3. e3 Bd6 4. Bg3 Nf6 5. Nf3 Ne4 6. Nbd2 Nxg3 7. hxg3 Nd7 8.
Bd3 Nf8 9. c3 Bd7 10. Qe2 Qe7 11. e4 dxe4 12. Bxe4 O-O-O 13. Nc4 f5 14. Nxd6+
cxd6 15. Bxf5 Qf6 16. Be4 Kb8 17. O-O-O h6 18. Kb1 g5 19. Nd2 Bc8 20. Rh5 Nd7
21. Bc2 Qg7 22. Ne4 Nf6 23. Nxf6 Qxf6 24. Rhh1 Rdf8 25. f3 h5 26. f4 gxf4 27.
gxf4 h4 28. Rhf1 Qg7 29. Rde1 Rf6 30. Rf2 Rhf8 31. Ref1 Qh6 32. Qf3 Qg7 33. Qh5
Qg3 34. Qf3 Qg7 35. Qh5 Qg3 1/2-1/2